000 00307nam a2200133Ia 4500
008 150731s2014 xx 000 0 und d
082 _a611
_bH 14 T
100 _aTANDON, B.K.
245 _aTB. OF HUMAN ANATOMY
250 _a2 ND
260 _bAHUJA PUB.DELHI
_c2014
300 _a253
942 _2ddc
_cBK
_049
999 _c7948
_d7948